[Event "BCF-chT4 0506 (4NCL)"]
[Site "West Bromwich"]
[Date "2005.11.06"]
[Round "2.1"]
[White "Harrison, Pete R"]
[Black "Levens, David G"]
[Result "0-1"]
[WhiteElo "1915"]
[BlackElo "2025"]
[PlyCount "24"]
[EventDate "2005.11.05"]
[EventType "team-tourn"]
[EventRounds "11"]
[EventCountry "ENG"]
[SourceTitle "CBM 109 Extra"]
[Source "ChessBase"]
[SourceDate "2006.01.03"]
[SourceVersion "2"]
[SourceVersionDate "2006.01.03"]
[SourceQuality "1"]
[WhiteTeam "Oxford III"]
[BlackTeam "Nottinghamshire II"]
[WhiteTeamCountry "ENG"]
[BlackTeamCountry "ENG"]

1. d4 d5 2. Nf3 Nf6 3. e3 g6 4. Bd3 Bg7 5. Nbd2 c5 6. c3 Nc6 7. 0-0 cxd4 8. exd4 0-0 9. Qe2 Nh5 10. g3 Bg4 11. Kg2 Qd7 12. Rh1 Nf4+ 0-1

[Event "BCF-chT4a 0405 (4NCL)"]
[Site "Telford"]
[Date "2005.04.17"]
[Round "8.5"]
[White "Lakhani, Kishan"]
[Black "Harrison, Pete R"]
[Result "1-0"]
[WhiteElo "1982"]
[BlackElo "1875"]
[PlyCount "53"]
[EventDate "2004.11.06"]
[EventType "team-tourn"]
[EventRounds "11"]
[EventCountry "ENG"]
[SourceTitle "EXT 2006"]
[Source "ChessBase"]
[SourceDate "2005.11.24"]
[SourceVersion "1"]
[SourceVersionDate "2005.11.24"]
[SourceQuality "1"]
[WhiteTeam "Nottinghamshire"]
[BlackTeam "Oxford II"]
[WhiteTeamCountry "ENG"]
[BlackTeamCountry "ENG"]

1. e4 e6 2. Nf3 d5 3. Nc3 Nf6 4. e5 Nfd7 5. d4 c5 6. dxc5 Bxc5 7. Bd3 Nc6 8. Bf4 a6 9. 0-0 b5 10. a3 Bb7 11. b4 Be7 12. Qd2 Qb6 13. Ne2 Rc8 14. c3 0-0 15. Bc2 f6 16. Qd3 g6 17. exf6 Bxf6 18. h4 Nce5 19. Nxe5 Bxe5 20. Bxe5 Nxe5 21. Qg3 Qc7 22. h5 d4 23. Nxd4 Qxc3 24. Qxe5 Rfd8 25. Qxe6+ Kf8 26. hxg6 Bd5 27. Qf6+ 1-0

[Event "BCF-chT4 0304 (4NCL)"]
[Site "West Bromwich "]
[Date "2004.05.31"]
[Round "9.6"]
[White "Harrison, Pete R"]
[Black "Tanner, Gary"]
[Result "1/2-1/2"]
[WhiteElo "1600"]
[BlackElo "1640"]
[PlyCount "39"]
[EventDate "2003.10.??"]
[EventType "team-tourn"]
[EventRounds "11"]
[EventCountry "ENG"]
[SourceTitle "EXT 2005"]
[Source "ChessBase"]
[SourceDate "2004.11.15"]
[SourceVersion "1"]
[SourceVersionDate "2004.11.15"]
[SourceQuality "1"]
[WhiteTeam "Oxford II"]
[BlackTeam "Brown Jack"]
[WhiteTeamCountry "ENG"]
[BlackTeamCountry "ENG"]

1. d4 Nf6 2. Nf3 g6 3. e3 Bg7 4. Be2 0-0 5. 0-0 d6 6. c4 Nbd7 7. Nc3 e5 8. b4 exd4 9. exd4 Re8 10. Bg5 h6 11. Bxf6 Nxf6 12. Qc2 Bf5 13. Bd3 Bxd3 14. Qxd3 Qd7 15. Rfe1 Kf8 16. Rad1 b6 17. d5 a5 18. b5 Rxe1+ 19. Rxe1 Re8 20. Rxe8+ 1/2-1/2